String of pearls, a. (selections from kannada poetry from pampa to present). (Record no. 105414)
[ view plain ]
| 000 -LEADER | |
|---|---|
| fixed length control field | 00428nam a2200133Ia 4500 |
| 008 - FIXED-LENGTH DATA ELEMENTS--GENERAL INFORMATION | |
| fixed length control field | 210210b1990 xxu||||| |||| 00| 0 eng d |
| 082 ## - DEWEY DECIMAL CLASSIFICATION NUMBER | |
| Classification number | 820.1 SHIS |
| 100 ## - MAIN ENTRY--PERSONAL NAME | |
| Personal name | SHIVAPRAKASH (H S) and RADHAKRISHNA (K S). |
| 245 ## - TITLE STATEMENT | |
| Title | String of pearls, a. (selections from kannada poetry from pampa to present). |
| 260 ## - PUBLICATION, DISTRIBUTION, ETC. | |
| Place of publication, distribution, etc. | Bangalore. |
| Name of publisher, distributor, etc. | Karnataka Sahitya Academy., |
| Date of publication, distribution, etc. | 1990 |
| 300 ## - PHYSICAL DESCRIPTION | |
| Extent | xix,284 |
| 690 ## - LOCAL SUBJECT ADDED ENTRY--TOPICAL TERM (OCLC, RLIN) | |
| Topical term or geographic name as entry element | English Poetry |
| 906 ## - LOCAL DATA ELEMENT F, LDF (RLIN) | |
| a | 057793 |
| Withdrawn status | Lost status | Damaged status | Not for loan | Collection code | Home library | Current library | Shelving location | Date acquired | Source of acquisition | Cost, normal purchase price | Total Checkouts | Full call number | Barcode | Date last seen | Price effective from | Koha item type |
|---|---|---|---|---|---|---|---|---|---|---|---|---|---|---|---|---|
| St Aloysius Library | St Aloysius Library | 02/17/2021 | Karnataka Sahitya Akademi. | 25.00 | 820.1 SHIS | 057793 | 02/17/2021 | 02/17/2021 | Book |